000
00313 a2200121 4500
001
146845
040
_c
Escola São Tomás de Aquino
100
_a
ALENCAR, José de
240
1
0
_a
O Guarani
_l
por
245
1
0
_a
O Guarani
697
_a
Caricaturas, desenho animado, cômico, fotonovelas / Quadrinhos
942
_c
BK
999
_c
146845
_d
146845